000 00482nam a2200169Ia 4500
003 GCL
008 140319s9999 xx 000 0 ara d
040 _aGCL /
_cGCL
082 0 4 _aط
_b398.21
_bس ق
100 1 _aسعيد جودة السحار
245 1 0 _aقمر الزمان /
_cسعيد جودة السحار
490 _aدرر من الف ليله وليله
_v0
650 0 4 _aالاطفال
650 0 4 _aالقصص
650 0 4 _aقصص الاطفال
942 _2ddc
_cBK
999 _c42755
_d42755